| 000 | 01391cam a2200349 4500 | ||
|---|---|---|---|
| 001 | 21861 | ||
| 003 | BD-RjUL | ||
| 005 | 20211209000734.0 | ||
| 008 | 140305s1971 ii b 100 0 eng | ||
| 035 | _a(BD-RjUL)21926 | ||
| 040 |
_aDLC _cDLC _dDLC _dBD-RjUL _beng |
||
| 041 | _aeng | ||
| 082 | 0 | 0 |
_a820.9 _bSTU |
| 111 | 2 |
_aSeminar on Australian-Indian Literature, _cNew Delhi, India. _d1970. _967498 |
|
| 245 | 1 | 0 |
_aStudies in Australian and Indian literature : _bproceedings of a seminar / _cEditors: C. D. Narasimhaiah [and] S. Nagarajan. |
| 260 |
_aNew Delhi : _bIndian Council for Cultural Relations, _cc1971. |
||
| 300 |
_aviii, 280 p. ; _c25 cm. |
||
| 350 | _aRs30.00 | ||
| 500 | _aRunning title: Australian and Indian literature. | ||
| 500 | _aOrganized by the Indian Council for Cultural Relations. | ||
| 504 | _aIncludes bibliographical references. | ||
| 650 | 0 |
_aAustralian literature _xHistory and criticism _xCongresses. _967492 |
|
| 650 | 0 |
_aIndic literature _xHistory and criticism _xCongresses. _967493 |
|
| 651 | 0 |
_aAustralia _xIn literature _xCongresses. _967494 |
|
| 651 | 0 |
_aIndia _xIn literature _xCongresses. _967495 |
|
| 700 | 1 |
_aNarasimhaiah, C. D., _eed. _967496 |
|
| 700 | 1 |
_aNagarajan, S. _q(Sankalapuram), _d1929- _eed. _967497 |
|
| 710 | 2 |
_aIndian Council for Cultural Relations. _958964 |
|
| 942 |
_2ddc _cBK |
||
| 999 |
_c21861 _d21861 |
||